| 000 | 00735ngm a2200193 a 4500 | ||
|---|---|---|---|
| 005 | 20210219153823.0 | ||
| 008 | 010917s1980 mx 006 d daspa d | ||
| 035 | _aUPN01000111627 | ||
| 049 | _aAV | ||
| 050 | 4 | _aPVI Q 1175 | |
| 245 | 0 | 1 | _a¿Cómo cambian los sólidos, líquidos y gases?. |
| 260 |
_aMéxico : _bPelículas Ebesa [distribuidor], _c[198-?] |
||
| 300 |
_a1 videocasete (VHS) (6 min.) : _bson., col. |
||
| 520 | _a¿Cómo se transforman los sólidos en líquidos? ¿Los líquidos en gases? Este dinámico programa ofrece ejemplos de la vida diaria que muestran a los espectadores cómo cambia la materia de un estado a otro | ||
| 650 | 4 | _aSOLIDOS | |
| 650 | 4 | _aLIQUIDOS | |
| 650 | 4 | _aGASES | |
| 905 | _aAudiovisuales | ||
| 999 |
_c85535 _d85535 |
||